Top 50 Cities in Canada on the Map - Statistics

General Stats
  • This quiz has been taken 314 times
  • The average score is 29 of 50
Answers on the Map
Answers color-coded by a green-red scale on the quiz's map according to % correct below.
 
Answer Stats
Province Pop City % Correct
ON 6.20 m Toronto
99%
BC 2.64 m Vancouver
99%
QC 4.29 m Montreal
98%
AB 1.30 m Calgary
95%
AB 1.15 m Edmonton
95%
ON 1.06 m Ottawa
95%
QC 733 k Quebec City
94%
MB 758 k Winnipeg
94%
NS 348 k Halifax
88%
SK 224 k Regina
86%
NB 63.4 k Saint John
85%
SK 264 k Saskatoon
85%
NL 185 k St. John's
85%
BC 363 k Victoria
83%
ON 423 k London
80%
ON 729 k Hamilton
76%
ON 95.2 k Thunder Bay
74%
ON 306 k Windsor
72%
NB 64.6 k Fredericton
61%
NB 109 k Moncton
58%
ON 522 k Kitchener
57%
ON 64.9 k Sault Ste. Marie
57%
ON 242 k St. Catharines-Niagara Falls
57%
BC 181 k Kelowna
55%
AB 99.8 k Red Deer
52%
ON 92.0 k Sudbury
52%
ON 127 k Kingston
51%
QC 151 k Sherbrooke
51%
BC 92.4 k Kamloops
49%
QC 128 k Trois-Rivières
49%
ON 154 k Barrie
44%
AB 63.3 k Medicine Hat
44%
BC 106 k Nanaimo
44%
BC 132 k Abbotsford
43%
AB 92.5 k Lethbridge
43%
BC 67.3 k Prince George
43%
ON 144 k Guelph
41%
AB 68.0 k Fort McMurray
40%
QC 103 k Saguenay
38%
ON 73.9 k Sarnia
36%
ON 84.7 k Peterborough
32%
AB 63.1 k Grande Prairie
31%
ON 75.0 k Belleville
29%
BC 81.6 k Chilliwack
29%
QC 72.0 k Drummondville
29%
ON 104 k Brantford
24%
QC 88.0 k Saint-Jean-sur-Richelieu
24%
AB 73.5 k Airdrie
21%
ON 69.2 k Welland-Pelham
19%
QC 62.6 k Granby
18%
No matching quizzes found
Score Distribution
Percent of People with Each Score
Percentile by Number Answered
Your Score History
You have not taken this quiz